Triple A MLB Affiliates (MiLB) - Statistics

General Stats
  • This quiz has been taken 14 times
  • The average score is 19 of 30
Answer Stats
MLB Team Triple A Affiliate % Correct
Chicago Cubs Iowa Cubs
100%
Athletics Las Vegas Aviators
82%
Minnesota Twins St. Paul Saints
82%
Toronto Blue Jays Buffalo Bisons
73%
Pittsburgh Pirates Indianapolis Indians
73%
Los Angeles Angels Salt Lake Bees
73%
Houston Astros Sugar Land Space Cowboys
73%
New York Mets Syracuse Mets
73%
Boston Red Sox Worcester Red Sox
73%
Colorado Rockies Albuquerque Isotopes
64%
Chicago White Sox Charlotte Knights
64%
Cleveland Guardians Columbus Clippers
64%
Miami Marlins Jacksonville Jumbo Shrimp
64%
Milwaukee Brewers Nashville Sounds
64%
Baltimore Orioles Norfolk Tides
64%
Kansas City Royals Omaha Storm Chasers
64%
Arizona Diamondbacks Reno Aces
64%
San Francisco Giants Sacramento River Cats
64%
Detroit Tigers Toledo Mud Hens
64%
Tampa Bay Rays Durham Bulls
55%
Philadelphia Phillies Lehigh Valley IronPigs
55%
Cincinnati Reds Louisville Bats
55%
Los Angeles Dodgers Oklahoma City Comets
55%
New York Yankees Scranton/Wilkes-Barre RailRiders
55%
Seattle Mariners Tacoma Rainiers
55%
Atlanta Braves Gwinnet Stripers
45%
St. Louis Cardinals Memphis Redbirds
45%
Texas Rangers Round Rock Express
45%
San Diego Padres El Paso Chihuahuas
36%
Washington Nationals Rochester Red Wings
27%
No matching quizzes found
Score Distribution
Percent of People with Each Score
Percentile by Number Answered
Your Score History
You have not taken this quiz